Statistics for The Office Trivia

Click here to take the quiz!

General Stats

  • This quiz has been taken 188 times
  • The average score is 6 of 9

Answer Stats

Question Answer % Correct
Who is big tuna?Jim
97%
In season one, what member of The Office slapped Micheal, for making racist comments?Kelly
97%
Who started the office fire in season two?Ryan
94%
What type of candy does Kevin always have on his desk?M&M
88%
During Casino Night, who ended up winning the free fridge from Bob Vance?Creed
76%
Who quits on the first day of the job after the branch merger?Tony
57%
After Micehal visited Donna's husband at the baseball game, what snack did he steal from the baseball team and throw at Oscar.Oranges
54%
Who is Micheal's best friend? (Traveling Salesman)Tod Packer
47%
When Micheal wanted to fake his own death, so that their saftey training would compete with how serious the Warehouses was, what did he want to jump on?Bounce House
27%

Score Distribution

Percentile by Number Answered

Percent of People with Each Score

Your Score History

You have not taken this quiz